| 000 | 00677cam a2200193 i 4500 | ||
|---|---|---|---|
| 005 | 20251108164157.0 | ||
| 008 | 250721s2000 jo gr 000 0 ara d | ||
| 020 | _a9957071831 | ||
| 082 | 1 | 4 |
_a150.1 _bع د س |
| 100 | 1 |
_aعدس، عبد الرحمن _eمؤلف. |
|
| 245 | 1 | 0 |
_aمبادىء علم النفس / _cا.د.عبد الرحمن عدس, د.نايفة قطامي. |
| 250 | _aالطبعة الاولى. | ||
| 264 | 1 |
_aعمان : _bدار الفكر للطباعةوالنشرةالتوزيع, _c2000. |
|
| 300 | _a367 صفحة. | ||
| 650 | 1 | 7 | _aعلم النفس. |
| 700 | 1 |
_aقطامي، نايفة _eمؤلف. |
|
| 942 |
_2ddc _cBK |
||
| 999 |
_c5610 _d5610 |
||